| 000 | 00680nam a22002413 4500 | ||
|---|---|---|---|
| 001 | 9791 | ||
| 003 | BD-RjUL | ||
| 005 | 20211208234834.0 | ||
| 008 | 931015s1910 enk 000 0 | ||
| 035 |
_a(BD-RjUL)9836 _aCD-0000045748 |
||
| 040 |
_aBD-RjUL _beng _cBD-RjUL _dBD-RjUL |
||
| 041 | _aeng | ||
| 082 | 0 | 0 |
_a520 _bBAC 1910 |
| 100 | 1 |
_aBall, Robert Stawell, _930275 |
|
| 245 | 1 | 0 |
_aComets and shooting stars / _cRobert Stawell Ball. |
| 250 | _a2nd ed. | ||
| 260 |
_aLondon : _c1910. _bCassell, |
||
| 300 |
_cvi, 88 p. : _aills. ; _b18 cm. |
||
| 500 | _aRepr. from The story of the heavens | ||
| 504 | _aIncludes index. | ||
| 690 | 0 | 0 |
_aAstronomy. _99 |
| 942 |
_2ddc _cBK |
||
| 999 |
_c9791 _d9791 |
||